Multiple Choice City Quiz - Ashgabat - Statistics

General Stats
  • This quiz has been taken 10 times
  • The average score is 3 of 10
Answer Stats
Question Answer % Correct
Which traditional Turkmen activity is often celebrated in Ashgabat festivals? Carpet weaving
63%
Most of the city's buildings are made out of: Marble
63%
Which former president is most closely associated with Ashgabat’s modern transformation? Saparmurat Niyazov
50%
Ashgabat is located near which country’s border? Iran
38%
The city’s visual identity is heavily influenced by which of the following? Monumental architecture and cult of personality
38%
What is the meaning of the name "Ashgabat"? City of Peace
25%
The city faced an earthquake in this year 1948
13%
What major natural feature is located near Ashgabat? Karakum Mountains
13%
Which of these is a former name for the city? Poltoratsk
13%
Which of these sights is the tallest structure in Turkmenistan? Turkmenistan Tower
13%
No matching quizzes found
Score Distribution
Percent of People with Each Score
Percentile by Number Answered
Your Score History
You have not taken this quiz